LEADER 01080nam a2200217 i 4500 001 000000135554 003 CaOOAMICUS 005 20050310000000.0 008 050310s1967 vc u000 u mul u 013 $a108945 040 $aSeMil$bita 245 10$a1939-1941. 300 $aXXXI, 513 p., [6] c. di tav. ripieg. 650 4$aGuerra mondiale <1939-1945> - Fonti.$0(OLS)http://semarc/subject/26678 650 4$aSanta Sede - Guerra mondiale 1939-1945 - Polonia - Situazione religiosa.$0(OLS)http://semarc/subject/26679 650 4$aSanta Sede - Guerra mondiale 1939-1945 - Paesi Baltici - Situazione religiosa.$0(OLS)http://semarc/subject/26680 773 0 $tActes et documents du Saint Siege relatifs à la seconde guerre mondiale.$dCittà del Vaticano : Libreria Editrice Vaticana, 1965-1981.$g3$w()9625 773 0 $tSaint Siége et la situation religieuse en Pologne et dans les pays Baltes.$gPartie1$w()13076 850 $aSeMil 852 $aSeMil$W1$xVenegono$y1$m3A III 47$j89206$B89206$CSeMilBibl$Z2$F94337 $81 996 $6245$a1939-1941$9(OLS)http://semarc/title/198199 LEADER 01017nam a2200265 i 4500 001 000000163894 003 CaOOAMICUS 005 20070821000000.0 008 070821s1995 it u000 u ita u 013 $a141261 020 $a88-7133-195-8 040 $aSeMil$bita 245 10$aIndia: terra di mistero. 260 $aBresso (MI) :$bHobby & Work,$ccopyr. 1995. 300 $a168 p. :$bricc. ill. ;$c29 cm. 490 0 $aGrandi civiltà del passato 500 $aContiene : Bibliografia. 650 4$aIndia - Civiltà antiche.$0(OLS)http://semarc/subject/28101 830 0$aGrandi civiltà del passato.$0(OLS)http://semarc/title/24134 850 $aSeMil 852 $aSeMil$W1$xVenegono$y1$m3V VI 161$j115188$B115188$CSeMilBibl$Z2$F126058 $81 961 $aOmaggio: Piazza don Antonio 996 $6020$a88-7133-195-8$9(OLS)http://semarc/number/150093 996 $6245$aIndia: terra di mistero$9(OLS)http://semarc/title/233860 996 $6260$aBresso (MI) :$bHobby & Work$9(OLS)http://semarc/publisher/34824 LEADER 00991nam a2200241 i 4500 001 000000038483 003 CaOOAMICUS 005 20070704000000.0 008 070704s1970 it u000 u ita u 013 $a9068 040 $aSeMil$bita 100 1 $aDos Passos, John,$d<1896-1970>.$0(OLS)http://semarc/name/18488 245 13$aIl 42. parallelo :$bromanzo /$cJohn Dos Passos ; traduzione di Cesare Pavese. 260 $a[Milano] :$bArnoldo Mondadori Editore,$c1970. 300 $a452 p. ;$c20 cm. 490 0 $aI capolavori della Medusa 700 1 $aPavese, Cesare,$d<1908-1950>.$0(OLS)http://semarc/name/8328 830 2$aI capolavori della Medusa.$0(OLS)http://semarc/title/23686 850 $aSeMil 852 $aSeMil$W1$xVenegono$y1$m1W II 423$j247234$B4638$CSeMilBibl$Z2$F4638 $81 961 $aRecupero: Altro 996 $6245$aIl 42. parallelo :$bromanzo$9(OLS)http://semarc/title/54329 996 $6260$a[Milano] :$bArnoldo Mondadori Editore$9(OLS)http://semarc/publisher/29634 LEADER 00827nam a2200229 i 4500 001 000000086588 003 CaOOAMICUS 005 20130821000000.0 008 130821s1952 xx u000 u und u 013 $a58828 040 $aSeMil$bita 100 1 $aVincent : de Paul .$0(OLS)http://semarc/name/3937 245 10$aCorrispondenza. Volume secondo. 260 $aSiena :$bCantagalli,$c1952. 300 $a219 p. 650 4$aEpistolari cristiani.$0(OLS)http://semarc/subject/1101 850 $aSeMil 852 $aSeMil$W1$xVenegono$y1$m74 1 134b *$j50245$B50245$CSeMilBibl$Z2$F54187 $81 900 0 $aVincenzo : De' Paoli. 996 $6245$aCorrispondenza. Volume secondo$9(OLS)http://semarc/title/132865 996 $6260$aSiena :$bCantagalli$9(OLS)http://semarc/publisher/29767